[Event "FISCA Online op"]
[Site "Chess.com INT"]
[Date "2020.06.26"]
[Round "7"]
[White "Zhukov, Anton"]
[Black "Kumaran, Charan"]
[Result "1-0"]
[WhiteElo "2223"]
[BlackElo "1355"]
[PlyCount "117"]
[EventDate "2020.06.19"]
[EventType "swiss"]
[EventRounds "9"]
[EventCountry "ROU"]
[SourceTitle "CBM 197 Extra"]
[Source "ChessBase"]
[SourceDate "2020.09.30"]
[SourceVersion "1"]
[SourceVersionDate "2020.09.30"]
[SourceQuality "1"]

1. d4 Nf6 2. c4 g6 3. Nc3 Bg7 4. e4 d6 5. Be2 0-0 6. Be3 Nc6 7. d5 Ne5 8. h3 e6 9. Nf3 Nxf3+ 10. Bxf3 Bd7 11. 0-0 e5 12. c5 Ne8 13. Qb3 Qc8 14. cxd6 Nxd6 15. Rac1 b6 16. Qc2 Qe8 17. Be2 f5 18. exf5 Nxf5 19. Bc4 Kh8 20. Ne4 h6 21. Ba6 Bb5 22. Bxb5 Qxb5 23. Rfd1 Rad8 24. Qxc7 Rxd5 25. Rxd5 Qxd5 26. Nc3 Qd3 27. Rd1 Qc2 28. Rd8 Qxb2 29. Rxf8+ Bxf8 30. Nd5 Bg7 31. Qxa7 Nxe3 32. Nxe3 Qa1+ 33. Kh2 Qd4 34. Qa8+ Kh7 35. g3 Qd6 36. Kg2 b5 37. Qb7 Qc5 38. Nd5 Kg8 39. Qd7 Qc4 40. Qe6+ Kh7 41. Qf7 Qe4+ 42. Kh2 Qf5 43. Qxf5 gxf5 44. Ne7 f4 45. gxf4 exf4 46. Kg2 Be5 47. Kf3 Kg7 48. Nd5 Kg6 49. Ke4 Bd6 50. Nxf4+ Kg5 51. Ng2 Bc5 52. f4+ Kf6 53. Ne3 h5 54. Nd5+ Ke6 55. Nc7+ Kf6 56. Nxb5 Bb4 57. Nc7 Bc5 58. a4 Bg1 59. a5 1-0

[Event "FISCA Online op"]
[Site "Chess.com INT"]
[Date "2020.06.21"]
[Round "3"]
[White "Kumaran, Charan"]
[Black "Nathan, Krishna"]
[Result "1-0"]
[WhiteElo "1355"]
[BlackElo "2022"]
[PlyCount "111"]
[EventDate "2020.06.19"]
[EventType "swiss"]
[EventRounds "9"]
[EventCountry "ROU"]
[SourceTitle "CBM 197 Extra"]
[Source "ChessBase"]
[SourceDate "2020.09.30"]
[SourceVersion "1"]
[SourceVersionDate "2020.09.30"]
[SourceQuality "1"]

1. d4 d5 2. Bf4 Nf6 3. Nf3 e6 4. e3 Bd6 5. Bxd6 Qxd6 6. c3 0-0 7. Bd3 c5 8. Nbd2 Nbd7 9. Qc2 e5 10. dxe5 Nxe5 11. Nxe5 Qxe5 12. Nf3 Qh5 13. 0-0-0 Bg4 14. Be2 Bf5 15. Bd3 Be4 16. Bxe4 dxe4 17. Nd2 Qe5 18. g4 Rfe8 19. h3 Rad8 20. Nc4 Qe6 21. Rxd8 Rxd8 22. Rd1 Rd5 23. Rxd5 Qxd5 24. Qd2 Qxd2+ 25. Kxd2 g5 26. Nd6 b6 27. Nc8 Nd7 28. Nxa7 Ne5 29. Ke2 h5 30. gxh5 Nc4 31. b3 Nd6 32. a4 Kg7 33. b4 cxb4 34. cxb4 Kh6 35. Nc6 Nc4 36. a5 bxa5 37. bxa5 Kxh5 38. Kf1 f5 39. Kg2 f4 40. exf4 gxf4 41. a6 Kh4 42. Nb4 Nb6 43. a7 Kg5 44. Nd5 Na8 45. Nc3 Kf5 46. h4 Kg4 47. Nxe4 f3+ 48. Kf1 Kxh4 49. Ke1 Kg4 50. Kd2 Kf4 51. Kd3 Nc7 52. Ng3 Kg4 53. Ke4 Na8 54. Kd5 Kh3 55. Kc6 Kg2 56. Ne4 1-0